000 00334nam a22001217a 4500
020 _a1558608265
082 _222
_a005.713762
100 _aDonahoo, Miechael J and Calvert, Kenneth L.
245 _aTCP/IP sockets in C /
260 _aUSA,
_bMorgan Kaufman Publishers,
_cc2001.
300 _axv, 130p. ;
_bill. ;
_c23 cm.
942 _2ddc
_cIT
999 _c1808
_d1808